| 000 | 00550 a2200193 4500 | ||
|---|---|---|---|
| 005 | 20260214105701.0 | ||
| 008 | 260212b |||||||| |||| 00| 0 eng d | ||
| 020 |
_a9788126915408 _cRs. 550.00 |
||
| 040 | _aMAIN | ||
| 082 |
_a320 _bA63P |
||
| 100 | _aAtlantic Research Division | ||
| 110 | _a | ||
| 245 | _aPolitical science for UGC-NET / SLET: Objective type questions | ||
| 260 |
_bAtlantic Publishers _c2025 _aNew Delhi |
||
| 300 | _avi, 618 | ||
| 650 | _aPolitical Science | ||
| 650 | _aUGC- NET/ SLET- Political Science | ||
| 942 | _cBK | ||
| 999 |
_c395042 _d395042 |
||